00672nam a2200205 i 450000100060000000300090000600500170001500700030003200800410003510000420007624501050011826000320022330000200025549000230027550500530029865000290035165000330038083000230041385200300043669320ES-MaACL20250823063040.0t|040702s1976 sp ||||1| spa d1 aGarcía Ballester, Luis, d1936-200010aHistoria social de la medicina en la España de los siglos XIII al XVI / cLuis García Ballester. a[Madrid] : bAkal, c[1976] a1 v. ; c23 cm.1 aColección Textos8 aContiene: V. I: La minoría musulmana y morisca 7aMedicina medieval2embne 4aMedicina-zEspaña-yS.XVI.0 aColección Textos aES-MaACLjP-176 bR.94911